| 000 | 00000cam 2200000zi 4500 |
| 001 | 9.912092 |
| 003 | CaOODSP |
| 005 | 20251208142232 |
| 006 | m o d f |
| 007 | cr cn||||||||| |
| 008 | 220608e202206##onc o f000 0 eng d |
| 040 | |aCaOODSP|beng|erda|cCaOODSP |
| 041 | 0 |aeng|afre |
| 043 | |an-cn--- |
| 086 | 1 |aYC36-0/441-4-PDF |
| 110 | 1 |aCanada. |bParliament. |bSenate. |bStanding Committee on Audit and Oversight, |eauthor, |eissuing body. |
| 245 | 10|aSenate audit and oversight charter = |bCharte d'audit et de surveillance du Sénat. |
| 246 | 11|aCharte d'audit et de surveillance du Sénat |
| 250 | |a[June 2022 edition]. |
| 264 | 1|a[Ottawa] : |bSenate, Canada = Sénat, Canada, |cJune 2022. |
| 300 | |a1 online resource (27 pages). |
| 336 | |atext|btxt|2rdacontent |
| 337 | |acomputer|bc|2rdamedia |
| 338 | |aonline resource|bcr|2rdacarrier |
| 490 | 1 |a[Report of the Standing Committee on Audit and Oversight] ; |v[4th report, 44th Parliament, 1st Session] |
| 500 | |aIssued by: Standing Committee on Audit and Oversight. |
| 500 | |a"Effective date [to be determined]." |
| 520 | |a"The Senate's newest permanent committee has finalized a charter outlining its authority and responsibilities within the Senate and released its first annual report. The Standing Committee on Audit and Oversight's charter and report were presented in the Senate Chamber on Thursday, June 2, 2022. The Senate Audit and Oversight Charter describes the committee's mandate: for the purposes of integrity, independence, transparency and accountability, the committee is authorized to supervise the Senate's internal and external audits, among other related matters"--Provided by publisher. |
| 546 | |aText in English and French. |
| 610 | 10|aCanada. |bParliament. |bSenate. |bStanding Committee on Audit and Oversight|vCharters. |
| 610 | 10|aCanada. |bParliament. |bSenate|xRules and practice. |
| 610 | 10|aCanada. |bParliament. |bSenate|xAuditing. |
| 792 | |tSenate audit and oversight charter = |efre|w(CaOODSP)9.912093 |
| 794 | |tSenate audit and oversight charter = |b[November 2025 edition]|w(CaOODSP)9.958060 |
| 830 | #0|aReport of the Standing Committee on Audit and Oversight ;|v4th report, 44th Parliament, 1st Session.|w(CaOODSP)9.911981 |
| 856 | 40|qPDF|s511 KB|uhttps://publications.gc.ca/collections/collection_2022/sen/yc36-0/YC36-0-441-4.pdf |